000 00267nam a22001217a 4500
041 _aENG
100 _aKemp,W.H
245 _aThe Eenewabie Energy Handbook
260 _aNew Delhi
_bNew Society Pub
_c2005
300 _a567
650 _aEOES
856 _uEOES ( 39 )
999 _c1322
_d1322